Largest Israeli Political Party by Election Result - Statistics

General Stats
  • This quiz has been taken 26 times
  • The average score is 17 of 25
Answer Stats
Election Year Answer No. of Seats % Correct
1977 Likud 43
100%
1981 Likud 48
100%
1988 Likud 40
100%
2003 Likud 38
100%
2015 Likud 30
100%
April 2019 Likud 35
100%
2020 Likud 36
100%
2021 Likud 30
100%
2022 Likud 32
100%
1992 Labor 44
86%
1996 Labor 34
86%
1999 One Israel 26
86%
2006 Kadima 29
59%
2009 Kadima 28
59%
1949 Mapai 46
55%
1951 Mapai 45
55%
1955 Mapai 40
55%
1959 Mapai 47
55%
1961 Mapai 42
55%
September 2019 Blue and White 33
45%
1969 Alignment 56
23%
1973 Alignment 51
23%
1984 Alignment 44
23%
1965 Labor Alignment 45
23%
2013 Likud - Yisrael Beiteinu 31
23%
No matching quizzes found
Score Distribution
Percent of People with Each Score
Percentile by Number Answered
Your Score History
You have not taken this quiz